01291cam a22003494i 4500003000900000005001700009008004100026020001500067035002700082040003300109082001900142100002700161245002500188264003800213300003800251336002100289337002500310338002300335505046200358526001000820526001000830526001000840526001000850526000800860526000800868526000800876526000800884526000800892526000800900526000800908650002500916PE-LiUPU20250731173521.0150616s r 000 0 d a0830716017 a(Sirsi) i9780830716012 aPE-LiUPUbspacPE-LiUPUerda04a262.1bB232211 aBarna, George,eautor.14aThe Power of Vision. 1aCalifornia :bRegal Books,c1984. a186 páginas ;c23 centímetros atext2rdacontent aunmediated2rdamedia avolume2rdacarrier0 aVision in the Marketplace.- Masters of Vision.- What is Vision?.- Don't Confuse Vision with Mission.- Myths that mar Vision.- Whose Vision Are You Following?.- Capturing God's Vision.- The Character of God's Vision.- Your Ministry Will Benefit.- Vision Killers.- Articulating the Vision.- The "Trickle Down" Effect.- Count the Cost.- Capturing a Personal Vision.- Bible Studies on Vision.- A Business View of Vision.- Vision and Church Marketing.- What if?. aSEG42 aSEG41 aSEG40 aSEG39 aP94 aP87 aP86 aP85 aP77 aP76 aP3504aLIDERAZGO CRISTIANO.